Salmi learns a lesson

Bibliographic Details
Main Author: Yan Pang
Format: Book
Published: Kuala Lumpur : Penerbit Tetra Sinar , 2002
Series:The growing years series
Subjects:

MARC

LEADER 00000cam a2200000 7i4500
001 0000001989
005 20220105103930.0
008 070710
020 |a 9831111834 
090 0 0 |a JP   |b ENG (2311) 
100 0 |a Yan Pang 
245 1 0 |a Salmi learns a lesson   |c Yan Pang 
260 |a Kuala Lumpur :   |b Penerbit Tetra Sinar ,   |c 2002 
440 4 |a The growing years series 
500 |a Children age 4-6 years old (yellow) 
650 0 |a Children stories,English 
650 0 |a Junior preschools 
999 |a 0000966647   |b Book   |c Children Collection   |e Cawangan Tmn. Ungku Tun Aminah 
999 |a 0000966648   |b Book   |c Children Collection   |e Cawangan Taman Universiti 
999 |a 0000966649   |b Book   |c Children Collection   |e Cawangan Bandar Tenggara